Statistics for 2023-24 NHL PLAYER BY PICTURE

Click here to take the quiz!

General Stats

  • This quiz has been taken 45 times
  • The average score is 11 of 16

Answer Stats

Answer% Correct
Sidney Crosby
100%
Mitchell Marner
94%
Nazem Kadri
88%
Anze Kopitar
79%
Jordan Kyrou
79%
Kris Letang
79%
Luke Hughes
74%
Ryan O'Reilly
68%
Sean Monahan
68%
Vincent Trocheck
68%
Adin Hill
65%
Thomas Chabot
62%
Seth Jarvis
59%
Troy Terry
44%
Mario Ferraro
35%
Connor Ingram
29%

Score Distribution

Percentile by Number Answered

Percent of People with Each Score

Your Score History

You have not taken this quiz